Tilastot visalle Gabonia lähimmät maat

Klikkaa tästä pelataksesi tätä visaa!

Yleistilastot

  • Tätä visaa on pelattu 11 kertaa
  • Keskiarvotulos 18 / 20

Vastaustilastot

kmmaa% Oikein
1091Ghana
100%
0Kamerun
100%
0Kongo
100%
158Kongon demokraattinen tasavalta
100%
1184Niger
100%
0Päiväntasaajan Guinea
100%
1044Togo
100%
118Angola
88%
969Benin
88%
1442Côte d'Ivoire
88%
1314Etelä-Sudan
88%
232Keski-Afrikan tasavalta
88%
1463Namibia
88%
418Nigeria
88%
1604Ruanda
88%
237São Tomé ja Príncipe
88%
1396Sudan
88%
637Tšad
88%
1429Burkina Faso
63%
1435Sambia
50%

Tulosjakauma

Persentiili vastausten määrän mukaan

Jokaisen tuloksen saaneiden osuus

Tuloshistoriasi

Et ole pelannut tätä visaa